Sukarno; an autobiography : (Record no. 187129)
[ view plain ]
| 000 -LEADER | |
|---|---|
| fixed length control field | 01294 a2200193 4500 |
| 003 - CONTROL NUMBER IDENTIFIER | |
| control field | NUST |
| 005 - DATE AND TIME OF LATEST TRANSACTION | |
| control field | 20230130135045.0 |
| 010 ## - LIBRARY OF CONGRESS CONTROL NUMBER | |
| LC control number | 65026511 |
| 040 ## - CATALOGING SOURCE | |
| Transcribing agency | Nust |
| 082 ## - DEWEY DECIMAL CLASSIFICATION NUMBER | |
| Classification number | 920,SUK |
| 100 ## - MAIN ENTRY--PERSONAL NAME | |
| Personal name | Sukarno |
| 9 (RLIN) | 108069 |
| 245 ## - TITLE STATEMENT | |
| Title | Sukarno; an autobiography : |
| Remainder of title | as told to Cindy Adams / |
| Statement of responsibility, etc. | Sukarno |
| 260 ## - PUBLICATION, DISTRIBUTION, ETC. | |
| Place of publication, distribution, etc. | Indianapolis |
| Name of publisher, distributor, etc. | Kansas City, Bobbs-Merrill |
| Date of publication, distribution, etc. | 1965 |
| 300 ## - PHYSICAL DESCRIPTION | |
| Extent | x, 324 p.; |
| Other physical details | ports. |
| Dimensions | 24 cm |
| 505 ## - FORMATTED CONTENTS NOTE | |
| Formatted contents note | The Reason For Writing This Book (Page-1), Child Of The Dawn (Page-17), Modjokerto: The Pains Of Youth (Page-22), Surabaya (Page-32), Bendung (Page-51), Marhaenism (Page-61), Bahasa Indonesia (Page-69), The Foundation Of The PNI (Page-78), The Arrest (Page-91), The Release (Page-116), Caged (Page-124), Exile (Page-127), The Escape (Page-148), The Japanese Arrive (Page-156), The Japanese Occupation (Page-167), My First Born (Page-173), What Price Freedom (Page-186), The Beginning Of The End (Page-195), A Meeting In Saigon (Page-200), Kidnapped (Page-210), The Revolution Begins (Page-221), At War With The Dutch (Page-235), Bangka (Page-252), A Period Of Survival (Page-264), A Period Of Development (Page-275)Sukarno Answers Questions (Page-289), Reflections (Page-308). |
| 600 ## - SUBJECT ADDED ENTRY--PERSONAL NAME | |
| Personal name | Sukarno, |
| 9 (RLIN) | 108069 |
| 650 ## - SUBJECT ADDED ENTRY--TOPICAL TERM | |
| Topical term or geographic name entry element | Autobiography Sukarno |
| 9 (RLIN) | 108070 |
| 942 ## - ADDED ENTRY ELEMENTS (KOHA) | |
| Source of classification or shelving scheme | |
| Koha item type | Book |
| Call number prefix | 920,SUK |
| Withdrawn status | Lost status | Source of classification or shelving scheme | Damaged status | Not for loan | Permanent Location | Current Location | Shelving location | Date acquired | Full call number | Barcode | Date last seen | Price effective from | Koha item type | Public note |
|---|---|---|---|---|---|---|---|---|---|---|---|---|---|---|
| Military College of Signals (MCS) | Military College of Signals (MCS) | General Stacks | 12/12/2016 | 920,SUK | MCS29120 | 12/08/2016 | 12/12/2016 | Book | Almirah No.59, Shelf No.4 | |||||
| Military College of Signals (MCS) | Military College of Signals (MCS) | General Stacks | 12/12/2016 | 920,SUK | MCS29234 | 12/08/2016 | 12/12/2016 | Book | Almirah No.59, Shelf No.4 |
